00623nam a2200217Ia 4500008004100000020001800041050001600059050001400075100002200089245004600111245005200157250001600209260001600225260003400241260000900275300001600284300002000300300001100320500005100331650002300382180523s9999 xx 000 0 und d a981-06-9918-2 aMAIN RA 410 b.F65 2006 aFolland, Sherman. 4aThe Economics of health and health care / 0cSherman Folland, Allen C. Goodman, Miron Stano. a4th Edition aSingapore : bPearson Education South Asia, c2006 a618 pages : billustrations ; c24 cm. aIncludes bibliographical references and index. aMedical economics.